G20-青银高速公路途径行政区 - Statistics

General Stats
  • This quiz has been taken 13 times
    12 since last reset
  • The average score is 15 of 17
Answer Stats
Answer % Correct
青岛
100%
潍坊
89%
淄博
89%
济南
89%
德州
89%
邢台
89%
石家庄
89%
阳泉
89%
晋中
89%
太原
89%
吕梁
89%
榆林
89%
吴忠
89%
银川
89%
聊城
78%
滨州
67%
德州
67%
No matching quizzes found
Score Distribution
Percent of People with Each Score
Percentile by Number Answered
Your Score History
You have not taken this quiz since the last reset